[Event "4NCL 3 South pool A"]
[Site "Reading, ENG"]
[Date "2017.03.18"]
[Round "7.11"]
[White "Harley, Andrew D"]
[Black "Mihalik, Agoston"]
[Result "1/2-1/2"]
[WhiteElo "2197"]
[BlackElo "2152"]
[PlyCount "41"]
[EventDate "2017.03.18"]

1. e4 c5 2. c3 Nf6 3. e5 Nd5 4. Bc4 Nb6 5. Bb3 d5 6. exd6 Qxd6 7. Nf3 c4 8. Bc2
Qe6+ 9. Qe2 Qxe2+ 10. Kxe2 Nc6 11. d4 cxd3+ 12. Bxd3 e5 13. Re1 f6 14. Nbd2 Be6
15. Kf1 O-O-O 16. Bc2 Be7 17. a4 g5 18. a5 Nd5 19. Nb3 Bg4 20. Be4 Be6 21. a6
1/2-1/2

[Event "4NCL 3 South pool A"]
[Site "Reading, ENG"]
[Date "2017.03.18"]
[Round "7.12"]
[White "Onley, David E"]
[Black "Swanson, Stephen"]
[Result "1-0"]
[WhiteElo "2137"]
[BlackElo "2185"]
[PlyCount "87"]
[EventDate "2017.03.18"]

1. e4 g6 2. d4 Bg7 3. Nc3 d6 4. Be3 a6 5. Qd2 Nd7 6. O-O-O b5 7. f3 Bb7 8. h4
h5 9. Nh3 c6 10. Bd3 Qc7 11. Kb1 e5 12. dxe5 dxe5 13. Ne2 Ngf6 14. c4 Rd8 15.
cxb5 axb5 16. Qb4 Bf8 17. Qc3 Qb8 18. Ng5 Be7 19. Rhg1 Qa8 20. Qb3 Rf8 21. Nc3
Ba6 22. g4 hxg4 23. fxg4 Bc5 24. Ne6 fxe6 25. Qxe6+ Be7 26. g5 b4 27. gxf6 Rxf6
28. Qg8+ Nf8 29. Bxa6 Qxa6 30. Rxd8+ Bxd8 31. Nd1 Qd3+ 32. Ka1 Qxe4 33. Bg5 Rf3
34. Bh6 Qd5 35. Qh8 Rf7 36. Re1 Bf6 37. Qg8 Bxh4 38. Ne3 Qc5 39. Rd1 Rf6 40.
Ng4 Rf7 41. Bxf8 Qxf8 42. Qxg6 Qe7 43. Nh6 Qf6 44. Qh5 1-0

[Event "4NCL 3 South pool A"]
[Site "Reading, ENG"]
[Date "2017.03.18"]
[Round "7.13"]
[White "Clark, Kevin R"]
[Black "Onslow, Alfie"]
[Result "0-1"]
[WhiteElo "2170"]
[BlackElo "2057"]
[PlyCount "80"]
[EventDate "2017.03.18"]

1. e4 c5 2. c3 Nf6 3. e5 Nd5 4. d4 cxd4 5. Bc4 Nb6 6. Bb3 e6 7. cxd4 d6 8. Nf3
Nc6 9. O-O Be7 10. Nc3 O-O 11. a3 d5 12. Qd3 f5 13. exf6 Bxf6 14. Bc2 g6 15.
Bh6 Bg7 16. Bxg7 Kxg7 17. Ne2 Qf6 18. Ng3 Rf7 19. Rfe1 Bd7 20. Re2 Re8 21. Rae1
Nc4 22. Qc3 Rc8 23. b4 Qf4 24. Bd3 Ne7 25. Qa1 Rf6 26. Bxc4 dxc4 27. Ne4 Rf5
28. d5+ Kg8 29. dxe6 Bc6 30. Re3 Nd5 31. g3 Qc7 32. g4 Rf4 33. Nfg5 Nxe3 34.
Nf6+ Rxf6 35. Qxf6 Nxg4 36. Qf7+ Qxf7 37. exf7+ Kg7 38. f3 Nh6 39. h4 Nxf7 40.
Re7 Bd5 0-1

[Event "4NCL 3 South pool A"]
[Site "Reading, ENG"]
[Date "2017.03.18"]
[Round "7.14"]
[White "Girdlestone, Paul C"]
[Black "Byway, Paul V"]
[Result "1/2-1/2"]
[WhiteElo "2106"]
[BlackElo "2073"]
[PlyCount "34"]
[EventDate "2017.03.18"]

1. e4 c5 2. Nf3 e6 3. b3 Nc6 4. Bb2 d6 5. d4 cxd4 6. Nxd4 Nf6 7. Bd3 Be7 8. O-O
O-O 9. Nd2 d5 10. exd5 exd5 11. Re1 Bg4 12. Be2 Bxe2 13. Qxe2 Bb4 14. Nxc6 bxc6
15. Qd3 Qd6 16. Be5 Qd8 17. c3 Bd6 1/2-1/2

[Event "4NCL 3 South pool A"]
[Site "Reading, ENG"]
[Date "2017.03.18"]
[Round "7.15"]
[White "Davison, Chris"]
[Black "Martin, Lewis"]
[Result "1-0"]
[WhiteElo "2020"]
[BlackElo "2069"]
[PlyCount "69"]
[EventDate "2017.03.18"]

1. e4 c5 2. Nf3 d6 3. d4 cxd4 4. Nxd4 Nf6 5. Nc3 a6 6. Bg5 e6 7. f4 Be7 8. Qf3
Qc7 9. O-O-O Nbd7 10. g4 b5 11. Bxf6 Nxf6 12. g5 Nd7 13. h4 b4 14. Nce2 Bb7 15.
Bh3 Nc5 16. Ng3 d5 17. e5 O-O 18. h5 Rac8 19. Rh2 Qa5 20. Kb1 Na4 21. Nb3 Nc3+
22. Qxc3 Qxa2+ 23. Kxa2 bxc3 24. g6 Rc4 25. Rd4 a5 26. gxf7+ Kxf7 27. Ne2 Rb8
28. bxc3 Rc6 29. Ra4 Bd8 30. Ned4 Rb6 31. f5 exf5 32. Bxf5 g6 33. hxg6+ hxg6
34. Bd7 Kg8 35. e6 1-0

[Event "4NCL 3 South pool A"]
[Site "Reading, ENG"]
[Date "2017.03.18"]
[Round "7.16"]
[White "Rabbitt, Michael"]
[Black "Hutchinson, Norman A"]
[Result "1-0"]
[WhiteElo "2033"]
[BlackElo "2062"]
[PlyCount "87"]
[EventDate "2017.03.18"]

1. d4 Nf6 2. c4 e6 3. Nf3 b6 4. g3 Ba6 5. b3 Bb4+ 6. Bd2 Be7 7. Bg2 c6 8. O-O
d5 9. cxd5 exd5 10. Nc3 O-O 11. Re1 Ne4 12. Qc2 f5 13. Ne5 c5 14. Be3 Bf6 15.
Nxe4 fxe4 16. Rad1 Qe7 17. Ng4 c4 18. f3 cxb3 19. Qxb3 Bc4 20. Qc2 exf3 21.
Bxf3 Nc6 22. Bf2 Nb4 23. Qb2 Bxa2 24. Bg2 Bc4 25. e4 Nd3 26. Rxd3 Bxd3 27. e5
Bg5 28. Bxd5+ Kh8 29. Bxa8 Rxa8 30. d5 Qd7 31. Qd4 Bd2 32. e6 Qb5 33. Rd1 Qb3
34. Rxd2 Qb1+ 35. Kg2 Bf1+ 36. Kf3 Rf8+ 37. Ke3 Bg2 38. Ne5 Qc1 39. Nf7+ Kg8
40. d6 Qa3+ 41. Ke2 Qf3+ 42. Ke1 Qf5 43. d7 Qxe6+ 44. Re2 1-0

[Event "4NCL 3 South pool A"]
[Site "Reading, ENG"]
[Date "2017.03.18"]
[Round "7.21"]
[White "Josse, Mark"]
[Black "Friedgood, David"]
[Result "1/2-1/2"]
[WhiteElo "2179"]
[BlackElo "2218"]
[PlyCount "66"]
[EventDate "2017.03.18"]

1. e4 c5 2. Nf3 e6 3. g3 Nc6 4. Bg2 g6 5. d4 cxd4 6. Nxd4 Qb6 7. Nb3 Bg7 8.
N1d2 Nge7 9. O-O d5 10. c4 d4 11. c5 Qb4 12. f4 e5 13. f5 gxf5 14. exf5 Bxf5
15. Bxc6+ bxc6 16. Rxf5 Nxf5 17. Qg4 O-O 18. Qxf5 e4 19. Qxe4 Rae8 20. Qg4 Re1+
21. Kg2 Rfe8 22. Nf3 R1e4 23. Bf4 Qc4 24. Nbxd4 Rxd4 25. Nxd4 Qxd4 26. Rd1
Qxb2+ 27. Rd2 Qb4 28. Qf5 Qc4 29. h4 Re2+ 30. Kf3 Rxd2 31. Qc8+ Bf8 32. Qg4+
Bg7 33. Qc8+ Bf8 1/2-1/2

[Event "4NCL 3 South pool A"]
[Site "Reading, ENG"]
[Date "2017.03.18"]
[Round "7.22"]
[White "Tippleston, Charles E"]
[Black "Seymour, Timothy P"]
[Result "0-1"]
[WhiteElo "2108"]
[BlackElo "2079"]
[PlyCount "76"]
[EventDate "2017.03.18"]

1. e4 e5 2. Bc4 Nf6 3. d3 Nc6 4. Nf3 Bc5 5. O-O a6 6. c3 Ba7 7. Be3 O-O 8. Bb3
d6 9. Nbd2 Ne7 10. Bxa7 Rxa7 11. d4 Ng6 12. Re1 Re8 13. dxe5 dxe5 14. Ng5 Rf8
15. Nf1 Qe7 16. Ne3 h6 17. Nf5 Qe8 18. Nf3 Ra8 19. Qd2 Be6 20. Rad1 Bxb3 21.
axb3 Rd8 22. Qc2 a5 23. c4 b6 24. Rxd8 Qxd8 25. Qc3 Re8 26. g3 Qa8 27. Qc2 Nf8
28. Ne3 Qxe4 29. Qxe4 Nxe4 30. Nd5 Nc5 31. Nxc7 Rd8 32. Nxe5 Nxb3 33. Nd5 Rd6
34. Ne7+ Kh7 35. Re3 Nd2 36. b3 Re6 37. Nd5 Rxe5 38. Rxe5 Nf3+ 0-1

[Event "4NCL 3 South pool A"]
[Site "Reading, ENG"]
[Date "2017.03.18"]
[Round "7.23"]
[White "Singleton, Michael P F"]
[Black "Fraser-Mitchell, Jeremy N"]
[Result "0-1"]
[WhiteElo "2091"]
[BlackElo "2077"]
[PlyCount "132"]
[EventDate "2017.03.18"]

1. d4 f5 2. e4 fxe4 3. f3 d5 4. fxe4 dxe4 5. Bc4 Nf6 6. Ne2 Bg4 7. c3 Nc6 8.
Qb3 Qd7 9. Nf4 O-O-O 10. Be6 Bxe6 11. Qxe6 g5 12. Qxd7+ Kxd7 13. Ne2 Rg8 14.
O-O Rg6 15. Nd2 e5 16. d5 Bc5+ 17. Kh1 Nxd5 18. Nxe4 Be7 19. a3 Nf4 20. N2g3
Ke6 21. Be3 b6 22. Rad1 Rgg8 23. Rfe1 Rxd1 24. Rxd1 Rd8 25. Rxd8 Bxd8 26. Kg1
h6 27. Kf1 Be7 28. Nf2 Na5 29. Nge4 Nc4 30. Bc1 Nd5 31. Ke2 Nf4+ 32. Kf3 a5 33.
g3 Nd5 34. a4 Nf6 35. Nxf6 Bxf6 36. Kg4 Nd6 37. h4 gxh4 38. gxh4 Nf5 39. h5 Bg7
40. b3 Nd6 41. b4 Kd5 42. bxa5 bxa5 43. Kf3 e4+ 44. Kg4 Nc4 45. Nd1 Ke6 46. Kf4
Nd6 47. Bd2 Nc4 48. Bc1 Nb6 49. Kxe4 Nxa4 50. Kd3 Nb6 51. Ne3 Nd5 52. Ng4 Nf6
53. Nxh6 Nxh5 54. Ng4 Kd5 55. Ne3+ Kc6 56. Kc4 Bh6 57. Kd3 Nf4+ 58. Ke4 Ne6 59.
Ba3 Nc5+ 60. Kd4 Bg7+ 61. Kc4 Ne4 62. Nd1 Nd6+ 63. Kb3 Kb5 64. Nb2 Nc4 65. Na4
Nd2+ 66. Kc2 Kxa4 0-1

[Event "4NCL 3 South pool A"]
[Site "Reading, ENG"]
[Date "2017.03.18"]
[Round "7.24"]
[White "Reuben, Stewart"]
[Black "Crombleholme, Alan K"]
[Result "1-0"]
[WhiteElo "2067"]
[BlackElo "2034"]
[PlyCount "167"]
[EventDate "2017.03.18"]

1. c4 e5 2. Nc3 Nc6 3. g3 g6 4. Bg2 Bg7 5. e3 d6 6. Nge2 Be6 7. d4 Bxc4 8. d5
Bxe2 9. Qxe2 Nce7 10. Qb5+ Kf8 11. Qxb7 a6 12. e4 Qb8 13. Qxb8+ Rxb8 14. Bf1
Ra8 15. Be3 Nf6 16. Be2 h5 17. f3 Bh6 18. Bxh6+ Rxh6 19. O-O-O Kg7 20. Rd2 Rhh8
21. Rhd1 Rhb8 22. Rc2 Ne8 23. Na4 Nc8 24. Rc6 Nb6 25. Nc3 Kf8 26. Rd2 Rb7 27.
Rc2 Ke7 28. b3 Rba7 29. b4 Nd7 30. Nd1 Nb8 31. R6c3 Rb7 32. a3 a5 33. b5 Nd7
34. Nb2 Nc5 35. Nd3 Na4 36. Rc4 Nb6 37. Rc6 Kd8 38. f4 f6 39. g4 hxg4 40. Bxg4
Nd7 41. Bxd7 Kxd7 42. a4 Ke7 43. h4 Kf7 44. Rh2 Ng7 45. Rhc2 Ne8 46. Rf2 Ke7
47. Kd2 Ng7 48. Ke3 Rh8 49. Rh2 Ra7 50. Kf3 Nh5 51. Rg2 Nxf4 52. Nxf4 exf4 53.
Rxg6 f5 54. exf5 Rxh4 55. Rc4 Kf7 56. Rxf4 Rh1 57. Rfg4 Ra8 58. Rc4 Rf1+ 59.
Kg4 Rg1+ 60. Kf4 Rf1+ 61. Kg5 Rg1+ 62. Rg4 Rxg4+ 63. Kxg4 Rh8 64. b6 cxb6 65.
Rxd6 Rb8 66. f6 b5 67. axb5 Rxb5 68. Kf5 Rb1 69. Rd7+ Ke8 70. Re7+ Kf8 71. Ke6
Re1+ 72. Kd6 Rf1 73. Re6 a4 74. Kc7 Rc1+ 75. Kd7 Rc5 76. d6 a3 77. Re2 Kf7 78.
Kd8 Ra5 79. Ra2 Kxf6 80. d7 Ra8+ 81. Kc7 Ra7+ 82. Kc8 Ra8+ 83. Kb7 Rd8 84. Kc7
1-0

[Event "4NCL 3 South pool A"]
[Site "Reading, ENG"]
[Date "2017.03.18"]
[Round "7.25"]
[White "Faulks, Nick"]
[Black "Habershon, Paul F"]
[Result "1/2-1/2"]
[WhiteElo "1993"]
[BlackElo "2043"]
[PlyCount "62"]
[EventDate "2017.03.18"]

1. e4 Nf6 2. Nc3 d5 3. e5 Ne4 4. Nf3 Bg4 5. h3 Bh5 6. Qe2 Nxc3 7. dxc3 Qd7 8.
Bf4 e6 9. O-O-O Bc5 10. g4 Bg6 11. Nh4 Qa4 12. Nxg6 hxg6 13. Be3 Bxe3+ 14. Qxe3
Nd7 15. Kb1 Qe4 16. Qxe4 dxe4 17. Bg2 O-O-O 18. Bxe4 Nxe5 19. Rxd8+ Rxd8 20. f4
Nc4 21. Bd3 Ne3 22. Kc1 Rh8 23. Be4 Rh4 24. b3 Nd5 25. Bxd5 exd5 26. Kd2 Kd7
27. Ke3 f6 28. Kf3 Rh8 29. h4 Kd6 30. Kg3 Re8 31. Kf3 Rh8 1/2-1/2

[Event "4NCL 3 South pool A"]
[Site "Reading, ENG"]
[Date "2017.03.18"]
[Round "7.26"]
[White "Freeman, Richard C P"]
[Black "Alcock, Graham P"]
[Result "1/2-1/2"]
[WhiteElo "2020"]
[BlackElo "1758"]
[PlyCount "47"]
[EventDate "2017.03.18"]

1. d4 Nf6 2. Bg5 h6 3. Bxf6 exf6 4. e3 d5 5. g3 c6 6. Bg2 Nd7 7. Ne2 Nb6 8. b3
Bd6 9. Nd2 Be6 10. O-O Qd7 11. Nf4 O-O 12. Rc1 Ba3 13. Rb1 Bb4 14. Ne2 Bg4 15.
f3 Bxd2 16. Qxd2 Bh3 17. Nf4 Bxg2 18. Kxg2 Rfe8 19. Rfe1 Re7 20. Re2 Rae8 21.
Rbe1 f5 22. Nd3 Qd6 23. Nc5 Nc8 24. c3 1/2-1/2

[Event "4NCL 3 South pool A"]
[Site "Reading, ENG"]
[Date "2017.03.18"]
[Round "7.31"]
[White "Jones, Christopher M"]
[Black "Meszaros, Gyula"]
[Result "0-1"]
[WhiteElo "2110"]
[BlackElo "2276"]
[PlyCount "84"]
[EventDate "2017.03.18"]

1. e4 d6 2. d4 Nf6 3. Nc3 c6 4. Be3 Qa5 5. f3 e5 6. Qd2 Nbd7 7. O-O-O Be7 8.
Kb1 b5 9. d5 b4 10. dxc6 bxc3 11. cxd7+ Bxd7 12. Qxc3 Qxc3 13. bxc3 O-O 14. Ba6
d5 15. exd5 Ba3 16. Bc1 Rab8+ 17. Ka1 Bxc1 18. Rxc1 Nxd5 19. Ne2 Ne3 20. Rhg1
f5 21. Bd3 Bc6 22. Ng3 Bb5 23. Nf1 Nc4 24. Bxc4+ Bxc4 25. Ne3 Be6 26. Rgd1 Rfc8
27. Rd6 Kf7 28. Ra6 Rb7 29. Rb1 Re7 30. Rb5 f4 31. Nd5 Rd7 32. Raa5 a6 33. Nb6
axb5 34. Nxc8 Rd1+ 35. Kb2 Bxc8 36. Rxb5 Ke6 37. a4 Bd7 38. Rb6+ Rd6 39. Rb4 g5
40. c4 Bc6 41. h3 Rd7 42. Kc3 Rb7 0-1

[Event "4NCL 3 South pool A"]
[Site "Reading, ENG"]
[Date "2017.03.18"]
[Round "7.32"]
[White "Sygnowski, Tomasz"]
[Black "Byron, Alan M"]
[Result "1/2-1/2"]
[WhiteElo "2119"]
[BlackElo "2058"]
[PlyCount "65"]
[EventDate "2017.03.18"]

1. e4 c6 2. d4 d5 3. exd5 cxd5 4. Bd3 Nc6 5. c3 Qc7 6. f4 Nf6 7. Nd2 Bg4 8. Ne2
g6 9. O-O Bf5 10. Bxf5 gxf5 11. Ng3 e6 12. Nh5 Be7 13. Ng7+ Kd7 14. c4 Rag8 15.
cxd5 Nxd5 16. Nh5 Rxg2+ 17. Kh1 Rg6 18. Nf3 Rhg8 19. Bd2 f6 20. Rc1 Qd6 21. b4
a6 22. a4 Ndxb4 23. Bxb4 Nxb4 24. Rc5 b6 25. Rc4 Qd5 26. Qe2 Rh6 27. Rd1 Rxh5
28. Rc5 Qa2 29. Ne5+ Kd8 30. Nc6+ Kd7 31. Ne5+ Kd8 32. Nc6+ Kd7 33. Ne5+
1/2-1/2

[Event "4NCL 3 South pool A"]
[Site "Reading, ENG"]
[Date "2017.03.18"]
[Round "7.33"]
[White "Compton, Alistair"]
[Black "Manelidou, Maria"]
[Result "1/2-1/2"]
[WhiteElo "2076"]
[BlackElo "2106"]
[PlyCount "78"]
[EventDate "2017.03.18"]

1. e4 e5 2. Nf3 Nc6 3. Bb5 a6 4. Bxc6 dxc6 5. O-O Bg4 6. h3 h5 7. d3 Qf6 8. Be3
Bxf3 9. Qxf3 Qxf3 10. gxf3 O-O-O 11. f4 exf4 12. Bxf4 f6 13. Nd2 g5 14. Be3 Ne7
15. f4 g4 16. f5 Bh6 17. Rae1 Bxe3+ 18. Rxe3 c5 19. hxg4 hxg4 20. Rf4 Nc6 21.
Rxg4 Nb4 22. Nb3 Nxc2 23. Re2 Nb4 24. Nxc5 b6 25. Ne6 Rxd3 26. Rg7 c5 27. Reg2
Rd1+ 28. Kf2 Rd2+ 29. Ke3 Rxg2 30. Rxg2 Rh3+ 31. Ke2 Kd7 32. Rg6 Ke7 33. Rg7+
Kd6 34. Rb7 Rh2+ 35. Kf3 Kc6 36. Rc7+ Kb5 37. Rf7 Rh6 38. Nc7+ Kc4 39. b3+ Kd4
1/2-1/2

[Event "4NCL 3 South pool A"]
[Site "Reading, ENG"]
[Date "2017.03.18"]
[Round "7.34"]
[White "Grigoryan, Meri"]
[Black "Piper, Stephen J"]
[Result "1/2-1/2"]
[WhiteElo "2057"]
[BlackElo "2074"]
[PlyCount "76"]
[EventDate "2017.03.18"]

1. d4 g6 2. c4 Bg7 3. Nc3 d6 4. e4 Nc6 5. Be3 e5 6. d5 Nce7 7. g4 f5 8. gxf5
gxf5 9. Qh5+ Kf8 10. Bg5 Qe8 11. Qxe8+ Kxe8 12. Nb5 Kd8 13. c5 a6 14. Nxd6 cxd6
15. cxd6 Bf6 16. dxe7+ Kxe7 17. Bd2 fxe4 18. Rc1 Ke8 19. Bg2 Bf5 20. Ne2 Ne7
21. Ng3 Bg6 22. Bxe4 Rd8 23. Ba5 Rd7 24. Rc5 Kf7 25. b3 Bxe4 26. Nxe4 Nxd5 27.
Nxf6 Kxf6 28. Bd2 Rg8 29. h4 Rg4 30. Bg5+ Kf5 31. Ke2 Nb4 32. a3 Nc6 33. Rhc1
Nd4+ 34. Kf1 Nxb3 35. Rc7 Nd2+ 36. Bxd2 Rxd2 37. Rxh7 Kg6 38. Rcc7 Rf4 1/2-1/2

[Event "4NCL 3 South pool A"]
[Site "Reading, ENG"]
[Date "2017.03.18"]
[Round "7.35"]
[White "Jaszkiwskyj, Peter"]
[Black "Green, Michael"]
[Result "0-1"]
[WhiteElo "1976"]
[BlackElo "2027"]
[PlyCount "94"]
[EventDate "2017.03.18"]

1. d4 Nf6 2. c4 c5 3. d5 e6 4. Nc3 exd5 5. cxd5 d6 6. e4 g6 7. Bd3 Bg7 8. Nf3
Bg4 9. O-O O-O 10. h3 Bxf3 11. Qxf3 a6 12. a4 Nbd7 13. Bf4 Qc7 14. Bh2 Rfe8 15.
Qg3 Ne5 16. Be2 Rab8 17. a5 c4 18. Ra4 Nfd7 19. Qe3 Nc5 20. Bxe5 Bxe5 21. Rxc4
Bxc3 22. Qxc3 b5 23. axb6 Qxb6 24. Bd3 Qxb2 25. Qxb2 Rxb2 26. Rd1 a5 27. Bc2 f5
28. Ra1 a4 29. exf5 gxf5 30. Bxf5 Ra8 31. Be6+ Kg7 32. Rg4+ Kf6 33. Rf4+ Kg7
34. Ra3 Rb3 35. Ra1 a3 36. Rg4+ Kf6 37. Rf4+ Ke5 38. g3 Nxe6 39. dxe6 Kxe6 40.
Re4+ Kd5 41. Ree1 a2 42. Kg2 Rb2 43. Kf1 Kc4 44. Rac1+ Kb3 45. Re3+ Ka4 46. Ra1
Rb1+ 47. Re1 Rxa1 0-1

[Event "4NCL 3 South pool A"]
[Site "Reading, ENG"]
[Date "2017.03.18"]
[Round "7.36"]
[White "Serbanescu, Diana-Maria"]
[Black "Gibson, Christopher A"]
[Result "1-0"]
[WhiteElo "1982"]
[BlackElo "1960"]
[PlyCount "43"]
[EventDate "2017.03.18"]

1. e4 e5 2. Nf3 Nc6 3. d4 exd4 4. Nxd4 Nf6 5. Nxc6 bxc6 6. e5 Qe7 7. Qe2 Nd5 8.
c4 Nb6 9. b3 a5 10. Ba3 Qh4 11. Bxf8 Qd4 12. Bxg7 Rg8 13. Bf6 Qxa1 14. Qc2 Rg6
15. Bd3 a4 16. Bxg6 hxg6 17. O-O axb3 18. axb3 Ra2 19. Qc1 d6 20. Qh6 Re2 21.
Qf8+ Kd7 22. e6+ 1-0

[Event "4NCL 3 South pool A"]
[Site "Reading, ENG"]
[Date "2017.03.18"]
[Round "7.41"]
[White "Ralphs, Nigel"]
[Black "Lock, Gavin R"]
[Result "1/2-1/2"]
[WhiteElo "2072"]
[BlackElo "2158"]
[PlyCount "95"]
[EventDate "2017.03.18"]

1. e4 e6 2. d4 d5 3. e5 c5 4. c3 Nc6 5. Nf3 Nge7 6. Na3 cxd4 7. cxd4 Nf5 8. Nc2
Qb6 9. Bd3 Bd7 10. Bxf5 exf5 11. O-O h6 12. h4 Be7 13. b3 a5 14. Bd2 Be6 15.
Rb1 Nb4 16. Nxb4 axb4 17. Rb2 O-O 18. Qb1 Qa6 19. Rc1 Rfc8 20. Rxc8+ Rxc8 21.
Rc2 Rxc2 22. Qxc2 Qe2 23. Qc1 f4 24. Qe1 Qxe1+ 25. Nxe1 Bf5 26. Bxf4 Bxh4 27.
Kf1 Be7 28. Nf3 g5 29. Be3 Bd3+ 30. Ke1 g4 31. Nd2 Kg7 32. f3 h5 33. fxg4 hxg4
34. Kf2 Bh4+ 35. g3 Be7 36. Kg2 Kg6 37. Kf2 Kf5 38. Kg2 Bf8 39. Kf2 Be7 40. Kg2
Bb5 41. Kf2 Ba6 42. Bf4 f6 43. exf6 Bxf6 44. Be3 Bd3 45. Ke1 Be7 46. Bf4 Bf6
47. Be3 Be7 48. Bf4 1/2-1/2

[Event "4NCL 3 South pool A"]
[Site "Reading, ENG"]
[Date "2017.03.18"]
[Round "7.42"]
[White "Gill, Oliver"]
[Black "Hewitt, William"]
[Result "1/2-1/2"]
[WhiteElo "2136"]
[BlackElo "2018"]
[PlyCount "45"]
[EventDate "2017.03.18"]

1. e4 c6 2. Nc3 d5 3. Nf3 Bg4 4. h3 Bxf3 5. Qxf3 Nf6 6. d3 e6 7. Bd2 Qb6 8.
O-O-O Bb4 9. a3 Bxc3 10. Bxc3 d4 11. Bd2 Nbd7 12. Qg3 O-O 13. Bg5 a5 14. e5 Nd5
15. Bh6 g6 16. Bxf8 Rxf8 17. Be2 Nc5 18. Bf3 Na4 19. b3 Qc5 20. Bxd5 Qxa3+ 21.
Kd2 Qb4+ 22. Kc1 Qa3+ 23. Kd2 1/2-1/2

[Event "4NCL 3 South pool A"]
[Site "Reading, ENG"]
[Date "2017.03.18"]
[Round "7.43"]
[White "Trevelyan, John"]
[Black "Pleasants, Allan J"]
[Result "1-0"]
[WhiteElo "2034"]
[BlackElo "1991"]
[PlyCount "67"]
[EventDate "2017.03.18"]

1. d4 d6 2. c4 e5 3. dxe5 dxe5 4. Qxd8+ Kxd8 5. Nc3 c6 6. g3 Be6 7. b3 Nd7 8.
Bh3 Bxh3 9. Nxh3 h6 10. f3 Ngf6 11. Nf2 Kc7 12. Bb2 Bc5 13. Nd3 Bd4 14. Kd2 e4
15. Ne1 Bxc3+ 16. Bxc3 Rhe8 17. f4 Rad8 18. Kc2 g6 19. Ng2 Ng8 20. Ne3 Nc5 21.
f5 Ne7 22. Raf1 g5 23. h4 Rg8 24. hxg5 hxg5 25. Bf6 Rd7 26. Rh5 Rgd8 27. Rd1
Rg8 28. Bxg5 Rxd1 29. Kxd1 Kd7 30. Ng4 Kd8 31. Nf6 Rf8 32. g4 Nd7 33. Nxe4 Ne5
34. Nf6 1-0

[Event "4NCL 3 South pool A"]
[Site "Reading, ENG"]
[Date "2017.03.18"]
[Round "7.44"]
[White "McDougall, William M"]
[Black "Hatchett, Paul"]
[Result "1-0"]
[WhiteElo "2023"]
[BlackElo "2040"]
[PlyCount "101"]
[EventDate "2017.03.18"]

1. d4 Nf6 2. c4 g6 3. Nf3 Bg7 4. g3 O-O 5. Bg2 d6 6. O-O Nc6 7. Nc3 a6 8. Qd3
e5 9. dxe5 dxe5 10. Qxd8 Rxd8 11. Bg5 Re8 12. Nd2 Nd4 13. c5 Rb8 14. e3 Ne6 15.
Bxf6 Bxf6 16. Nd5 Bd8 17. b4 c6 18. Nb6 Bxb6 19. cxb6 Nf8 20. a4 Bf5 21. Rfc1
Nd7 22. a5 Bd3 23. Nb3 e4 24. Bf1 Bxf1 25. Kxf1 Nf6 26. Nc5 Nd5 27. Rc4 f5 28.
Rd4 Re7 29. h4 Kf7 30. Ke1 h6 31. Kd2 h5 32. Kc2 Rbe8 33. Kb3 Kf6 34. Rad1 Rd8
35. Kc4 Ke5 36. Nb3 Rc8 37. Nc1 Kf6 38. Ne2 Kf7 39. Nf4 Nxb4 40. Nxg6 Kxg6 41.
Rd6+ Kf7 42. Kxb4 Re6 43. Rd7+ Re7 44. Kc5 Rce8 45. Kd6 Rxd7+ 46. Kxd7 Re7+ 47.
Kc8 Ke6 48. Rd8 c5 49. Kb8 c4 50. Rc8 Kd5 51. Rc7 1-0

[Event "4NCL 3 South pool A"]
[Site "Reading, ENG"]
[Date "2017.03.18"]
[Round "7.45"]
[White "Heaven, Peter"]
[Black "Simons, Martin J"]
[Result "0-1"]
[WhiteElo "2028"]
[BlackElo "2024"]
[PlyCount "88"]
[EventDate "2017.03.18"]

1. e4 Nc6 2. Nf3 d5 3. exd5 Qxd5 4. Nc3 Qa5 5. Bb5 Bd7 6. O-O O-O-O 7. d4 a6 8.
Bxc6 Bxc6 9. Ne5 Be8 10. Qf3 f6 11. Nd3 e6 12. b4 Qf5 13. Qe3 Ne7 14. Nc5 Nd5
15. Nxd5 exd5 16. a4 Bxc5 17. bxc5 Bc6 18. Ra2 Rde8 19. Qf4 Qxf4 20. Bxf4 Re4
21. Be3 g5 22. c3 h6 23. Re1 Rhe8 24. Kf1 Bd7 25. Bd2 Rxe1+ 26. Bxe1 Bf5 27. f3
Bd3+ 28. Kf2 Kd7 29. Rb2 Kc6 30. Bd2 Re2+ 31. Kg3 b6 32. cxb6 cxb6 33. f4 a5
34. fxg5 hxg5 35. Kf3 Bc4 36. h3 b5 37. axb5+ Kb6 38. Bc1 Rxb2 39. Bxb2 Kxb5
40. Ba3 f5 41. Be7 a4 42. g3 Bd3 43. h4 Be4+ 44. Ke3 f4+ 0-1

[Event "4NCL 3 South pool A"]
[Site "Reading, ENG"]
[Date "2017.03.18"]
[Round "7.46"]
[White "Adaway, William"]
[Black "Bevan, Peter M"]
[Result "0-1"]
[WhiteElo "1909"]
[BlackElo "1911"]
[PlyCount "76"]
[EventDate "2017.03.18"]

1. Nf3 Nf6 2. g3 d5 3. Bg2 c6 4. O-O Bg4 5. d3 Nbd7 6. Nbd2 e5 7. h3 Bh5 8. e4
dxe4 9. dxe4 Bxf3 10. Qxf3 Nc5 11. Qe2 Ne6 12. c3 Qc7 13. Nb3 Bd6 14. Be3 O-O
15. Rad1 a5 16. a4 Rfd8 17. Rd2 Nd7 18. Rfd1 Ndc5 19. Nxc5 Bxc5 20. Bxc5 Nxc5
21. Qc4 Ne6 22. h4 Rxd2 23. Rxd2 Rd8 24. Rxd8+ Qxd8 25. Bh3 Nf8 26. Qc5 Qd1+
27. Bf1 Qxa4 28. Qxe5 b5 29. Qe8 b4 30. Bc4 Qd1+ 31. Kg2 Qd7 32. Qxd7 Nxd7 33.
cxb4 axb4 34. f4 Nb6 35. Ba6 Na4 36. Bb7 c5 37. b3 c4 38. bxc4 Nc5 0-1